Ion, or, On the Iliad /
On the basis of a fresh collation of the four primary manuscripts, this book presents a revised text of Plato's Ion , with full apparatus criticus. The commentary has a strong linguistic orientation; it includes discussions of Platonic vocabulary. Linguistic considerations are also the leading...
المؤلف الرئيسي:
مؤلفون آخرون:
التنسيق: كتاب الكتروني
اللغة:
English
Ancient Greek
منشور في:
Boston :
Brill,
2007.
سلاسل:
Amsterdam Studies in Classical Philology
14.
Classical Studies E-Books Online, Collection 2007, ISBN: 9789004222786.
الموضوعات:
الوصول للمادة أونلاين: Login to view Source
الوسوم: إضافة وسم
رقم الطلب: PA4035 .P4 2007
| LEADER | 03252nam a2200613 i 4500 | ||
|---|---|---|---|
| 001 | BRILL9789047422877 | ||
| 003 | nllekb | ||
| 005 | 20230529211841.0 | ||
| 006 | m d | ||
| 007 | cr un uuuua | ||
| 008 | 071012s2007 ne sb 001 0 eng | ||
| 010 | |a 2007042035 | ||
| 016 | 7 | |a B0716217 |2 bccb | |
| 019 | |a 166358264 | ||
| 020 | |a 9789047422877 |q (electronic book) | ||
| 020 | |z 9789004163218 |q (print) | ||
| 024 | 7 | |a 10.1163/ej.9789004163218.i-292 |2 DOI | |
| 035 | |a (OCoLC)175055212 |z (OCoLC)166358264 | ||
| 040 | |a NL-LeKB |c NL-LeKB |e rda | ||
| 041 | 1 | |a eng |h grc | |
| 050 | 4 | |a PA4035 |b .P4 2007 | |
| 082 | 0 | 4 | |a 184 |2 22 |
| 100 | 0 | |a Plato. | |
| 240 | 1 | 0 | |a Ion. |l English |
| 245 | 1 | 0 | |a Ion, or, On the Iliad / |c Plato ; edited with introduction and commentary by Albert Rijksbaron. |
| 246 | 3 | 0 | |a Ion |
| 246 | 3 | 0 | |a On the Iliad |
| 264 | 1 | |a Boston : |b Brill, |c 2007. | |
| 300 | |a 1 online resource. | ||
| 336 | |a text |b txt |2 rdacontent | ||
| 337 | |a computer |b c |2 rdamedia | ||
| 338 | |a online resource |2 rdacarrier | ||
| 490 | 0 | |a Brill eBook titles 2007 | |
| 504 | |a Includes bibliographical references (p. [271]-280) and indexes. | ||
| 505 | 0 | 0 | |t Preliminary Material / |r A. Rijksbaron -- |t Introduction / |r A. Rijksbaron -- |t Conspectus Siglorum / |r A. Rijksbaron -- |t Commentary / |r A. Rijksbaron -- |t Appendices / |r A. Rijksbaron -- |t Bibliography / |r A. Rijksbaron -- |t Indices / |r A. Rijksbaron. |
| 506 | 1 | |a Available to subscribing member institutions only. | |
| 520 | |a On the basis of a fresh collation of the four primary manuscripts, this book presents a revised text of Plato's Ion , with full apparatus criticus. The commentary has a strong linguistic orientation; it includes discussions of Platonic vocabulary. Linguistic considerations are also the leading principle in the choice of one MS reading rather than another. Drawing on Byzantine practices and theories, the book pays special attention to questions of punctuation, an area too often ignored in editions of classical texts. The extensive introduction deals with, inter alia, Plato's attack on poetry, the position of the Ion in the corpus Platonicum-rather late, this book argues-, the title(s) of the dialogue, the reasons why MS Venetus 189 should be considered a primary MS, and the text of the Homeric quotations in the Ion. | ||
| 559 | 4 | |a PA4035 .P4 2007 | |
| 600 | 0 | 0 | |a Homer. |t Iliad. |
| 600 | 1 | 7 | |a Homero |d Ca. SÉc. 10 A.C. |2 larpcal |
| 650 | 1 | 7 | |a Ion (Plato) |2 gtt |
| 650 | 0 | |a Aesthetics, Ancient. | |
| 650 | 0 | |a Poetics |x History |y To 1500. | |
| 650 | 7 | |a Literatura grega clássica (crítica e interpretação) |2 larpcal | |
| 650 | 7 | |a Poesia. |2 larpcal | |
| 700 | 1 | |a Rijksbaron, Albert. | |
| 776 | 0 | |t Ion, or, On the Iliad |z 9789004163218 (hardback : alk. paper) |z 9004163212 (hardback : alk. paper) | |
| 830 | 0 | |a Amsterdam Studies in Classical Philology |v 14. | |
| 830 | 0 | |a Classical Studies E-Books Online, Collection 2007, ISBN: 9789004222786. | |
| 856 | 4 | |z DOI: |u http://dx.doi.org/10.1163/ej.9789004163218.i-292 | |
| 942 | |2 lcc |c EBOOK | ||
| 952 | |0 0 |1 0 |2 lcc |4 0 |6 PA4035 P4 02007 |7 1 |9 48556 |a BRILL |b BRILL |d 2023-05-29 |l 0 |o PA4035 .P4 2007 |r 2023-05-29 00:00:00 |w 2023-05-29 |y EBOOK | ||
| 994 | |a C0 |b NEIDC | ||
| 999 | |c 53900 |d 53900 | ||
